20 長野県の市町村 人口順 - Statistics

General Stats
  • This quiz has been taken 5 times
  • The average score is 21 of 77
Answer Stats
順位 人口 市町村 % Correct
1 358,783 長野市
100%
2 235,639 松本市
100%
3 149,227 上田市
100%
4 96,694 佐久市
100%
5 92,409 安曇野市
75%
6 92,252 飯田市
75%
7 65,423 塩尻市
75%
8 63,489 伊那市
75%
9 57,255 千曲市
75%
10 54,858 茅野市
50%
11 48,097 須坂市
50%
12 46,627 諏訪市
50%
13 44,723 岡谷市
50%
70 941 天龍村
50%
71 900 大鹿村
50%
73 766 根羽村
50%
75 631 王滝村
50%
76 487 売木村
50%
77 358 平谷村
50%
14 40,102 小諸市
25%
15 40,085 中野市
25%
16 30,911 駒ヶ根市
25%
17 28,827 東御市
25%
18 24,363 箕輪町
25%
19 24,202 大町市
25%
20 20,031 軽井沢町
25%
21 17,713 下諏訪町
25%
22 17,571 飯山市
25%
23 17,136 辰野町
25%
24 16,537 御代田町
25%
25 16,095 南箕輪村
25%
27 12,924 坂城町
25%
28 12,393 高森町
25%
29 11,853 松川町
25%
30 10,541 小布施町
25%
31 10,345 山ノ内町
25%
32 9,585 飯綱町
25%
33 9,567 木曽町
25%
34 9,566 佐久穂町
25%
35 9,547 松川村
25%
36 8,714 池田町
25%
37 8,502 飯島町
25%
42 7,034 信濃町
25%
55 3,757 阿南町
25%
56 3,713 筑北村
25%
58 3,527 南木曽町
25%
67 1,502 生坂村
25%
69 1,369 泰阜村
25%
72 877 南相木村
25%
74 663 北相木村
25%
26 13,710 富士見町
0%
38 8,321 宮田村
0%
39 8,271 白馬村
0%
40 8,175 山形村
0%
41 7,700 原村
0%
43 6,156 豊丘村
0%
44 6,111 高山村
0%
45 6,104 立科町
0%
46 5,693 阿智村
0%
47 5,529 喬木村
0%
48 5,163 長和町
0%
49 4,553 川上村
0%
50 4,390 中川村
0%
51 4,034 小海町
0%
52 3,984 朝日村
0%
53 3,965 木島平村
0%
54 3,821 青木村
0%
57 3,683 上松町
0%
59 3,317 南牧村
0%
60 3,182 下條村
0%
61 3,006 大桑村
0%
62 2,999 野沢温泉村
0%
63 2,413 小谷村
0%
64 2,375 木祖村
0%
65 2,252 麻績村
0%
66 2,013 小川村
0%
68 1,419 栄村
0%
No matching quizzes found
Score Distribution
Percent of People with Each Score
Percentile by Number Answered
Your Score History
You have not taken this quiz